Routledge handbook of public policy / (Record no. 592735)
[ view plain ]
| 000 -LEADER | |
|---|---|
| fixed length control field | 01416cam a2200289 a 4500 |
| 001 - CONTROL NUMBER | |
| control field | 17207059 |
| 005 - DATE AND TIME OF LATEST TRANSACTION | |
| control field | 20221220103633.0 |
| 008 - FIXED-LENGTH DATA ELEMENTS--GENERAL INFORMATION | |
| fixed length control field | 120312s2013 enka b 001 0 eng |
| 010 ## - LIBRARY OF CONGRESS CONTROL NUMBER | |
| LC control number | 2012008846 |
| 020 ## - INTERNATIONAL STANDARD BOOK NUMBER | |
| International Standard Book Number | 9780415782456 (hbk.) |
| 020 ## - INTERNATIONAL STANDARD BOOK NUMBER | |
| International Standard Book Number | 9780203097571 (ebk.) |
| 040 ## - CATALOGING SOURCE | |
| Original cataloging agency | DLC |
| Transcribing agency | DLC |
| Modifying agency | DLC |
| 042 ## - AUTHENTICATION CODE | |
| Authentication code | pcc |
| 050 00 - LIBRARY OF CONGRESS CALL NUMBER | |
| Classification number | H97 |
| Item number | .R68 2013 |
| 082 00 - DEWEY DECIMAL CLASSIFICATION NUMBER | |
| Classification number | 320.6,ARA |
| Edition number | 23 |
| 245 00 - TITLE STATEMENT | |
| Title | Routledge handbook of public policy / |
| Statement of responsibility, etc. | edited by Eduardo Araral ... [et al.]. |
| 246 30 - VARYING FORM OF TITLE | |
| Title proper/short title | Handbook of public policy |
| 260 ## - PUBLICATION, DISTRIBUTION, ETC. | |
| Place of publication, distribution, etc. | London ; |
| -- | New York : |
| Name of publisher, distributor, etc. | Routledge, |
| Date of publication, distribution, etc. | 2013. |
| 300 ## - PHYSICAL DESCRIPTION | |
| Extent | xviii, 528 p. : |
| Other physical details | ill. ; |
| Dimensions | 26 cm. |
| 490 0# - SERIES STATEMENT | |
| Series statement | Routledge handbooks |
| 505 ## - FORMATTED CONTENTS NOTE | |
| Formatted contents note | Part I: Introduction to the study of the public policy process (Page-1), Part II: Conceptualizing public policy-making (Page-57), Part III: Modelling the policy process (Page-113), Understanding the agenda-setting process (Page-165), Understanding the formulation process (Page-215), Understanding the decision-making process (Page-271), Understanding the implementation process (Page-329), Understanding the evaluation process (Page-385), Policy dynamics (Page-449). |
| 650 #0 - SUBJECT ADDED ENTRY--TOPICAL TERM | |
| Topical term or geographic name entry element | Policy sciences. |
| 9 (RLIN) | 5497 |
| 700 1# - ADDED ENTRY--PERSONAL NAME | |
| Personal name | Araral, Eduardo, |
| Titles and other words associated with a name | Jr. |
| 9 (RLIN) | 105292 |
| 906 ## - LOCAL DATA ELEMENT F, LDF (RLIN) | |
| a | 7 |
| b | cbc |
| c | orignew |
| d | 1 |
| e | ecip |
| f | 20 |
| g | y-gencatlg |
| 942 ## - ADDED ENTRY ELEMENTS (KOHA) | |
| Source of classification or shelving scheme | |
| Koha item type | Book |
| Call number prefix | 320.6,ARA |
| Withdrawn status | Lost status | Source of classification or shelving scheme | Damaged status | Not for loan | Permanent Location | Current Location | Shelving location | Date acquired | Total Checkouts | Full call number | Barcode | Date last seen | Price effective from | Koha item type | Public note |
|---|---|---|---|---|---|---|---|---|---|---|---|---|---|---|---|
| Military College of Signals (MCS) | Military College of Signals (MCS) | General Stacks | 12/20/2022 | 320.6,ARA | MCS37594 | 12/20/2022 | 12/20/2022 | Book | Almirah No.49, Shelf No.4 |
